000
00296nam a22001337a 4500
008
181106b xxu||||| |||| 00| 0 eng d
020
_a
2900521667998
041
_a
eng
080
_a
321
100
_a
21
101
_a
POL
245
_a
Paine Political Writing
_c
BRuce .K
942
_2
udc
_c
BK
999
_c
52048
_d
52048